| 000 | 00876nam a22002297a 4500 | ||
|---|---|---|---|
| 001 | 114477 | ||
| 003 | DR-UNIBE | ||
| 005 | 20260318111528.0 | ||
| 008 | 260318b2025 dr ||||| |||| 00| 0 spa d | ||
| 020 | _a9789945629620 | ||
| 040 |
_aBIBLIOTECA UNIBE _cBIBLIOTECA UNIBE _erda |
||
| 041 | _aspa | ||
| 082 | _aRD 330.97293 A654e | ||
| 245 | 0 |
_a¿Qué hemos aprendido de la economía dominicana? _breflexiones de los miembros del jurado en el cuadragésimo aniversario de los premios de la Biblioteca «Juan Pablo Duarte» |
|
| 260 |
_aSanto Domingo : _bBanco Central De La Republica Dominicana, _c2025 |
||
| 300 | _axxii, 338 páginas | ||
| 490 |
_aColección Banco Central de la República Dominicana ; _vvolumen 333 |
||
| 490 |
_aSerie obras premiadas ; _vnúmero 48 |
||
| 650 | 7 |
_2lemb _aEconomía |
|
| 700 |
_aVásquez, Harold _eeditor _9203420 |
||
| 942 |
_2ddc _cBK |
||
| 999 |
_c114477 _d114477 |
||